Attitudes to appropriate building materials in Kalingalinga / (Record no. 18389)

000 -LEADER
fixed length control field 00905nam a2200253 a 4500
040 ## - CATALOGING SOURCE
Transcribing agency DLC
082 ## - DEWEY DECIMAL CLASSIFICATION NUMBER
Classification number 691 SKA 1991 C143 Or.
100 1# - MAIN ENTRY--AUTHOR NAME
Personal name Mulenga, Leonard Chileshe.
245 10 - TITLE STATEMENT
Title Attitudes to appropriate building materials in Kalingalinga /
260 ## - PUBLICATION, DISTRIBUTION, ETC. (IMPRINT)
Place of publication Lusaka, Zambia :
Name of publisher [s.n.,
Year of publication 1991]
300 ## - PHYSICAL DESCRIPTION
Number of Pages iv, 86 leaves ;
Dimensions 30 cm.
500 ## - GENERAL NOTE
General note "August, 1991."
500 ## - GENERAL NOTE
General note "September, 1991"--Prelim.
500 ## - GENERAL NOTE
General note "Institute for African Studies, University of Zambia."
500 ## - GENERAL NOTE
General note "Consultancy report for the Lusaka Urban District Council and the Germany Agency for Technical Cooperation (GTZ)."
650 #0 - SUBJECT ADDED ENTRY--TOPICAL TERM
Topical Term Squatter settlements
650 #0 - SUBJECT ADDED ENTRY--TOPICAL TERM
Topical Term Building materials
650 #0 - SUBJECT ADDED ENTRY--TOPICAL TERM
Topical Term Public Opinion
650 #0 - SUBJECT ADDED ENTRY--TOPICAL TERM
Topical Term Squatters
710 2# - ADDED ENTRY--CORPORATE NAME
Corporate name or jurisdiction name as entry element University of Zambia.
710 2# - ADDED ENTRY--CORPORATE NAME
Corporate name or jurisdiction name as entry element Lusaka Urban District Council.
710 2# - ADDED ENTRY--CORPORATE NAME
Corporate name or jurisdiction name as entry element Deutsche Gesellschaft für Technische Zusammenarbeit.
942 ## - ADDED ENTRY ELEMENTS (KOHA)
Koha item type ADB
952 ## - LOCATION AND ITEM INFORMATION (KOHA)
Withdrawn status [LOCAL, KOHA] 0
952 ## - LOCATION AND ITEM INFORMATION (KOHA)
Withdrawn status [LOCAL, KOHA] 0
Holdings
Source of acquisition Permanent Location Date acquired Koha item type Lost status Shelving location Current Location Full call number
A39270Library Block C2019-11-06សៀវភៅភាសាអង់គ្លេស C143Library Block C691 SKA 1991 C143 Or.
A39270Library Block C2019-11-06សៀវភៅភាសាអង់គ្លេស C143Library Block C691 SKA 1991 C143 Or.
មជ្ឈមណ្ឌលឯការនៃសាកលវិទ្យាល័យភូមិន្ទកសិកម្មចំការដូង

Powered by Koha